Word of honor

Bibliographic Details
Main Author: DeMille, Nelson (Author)
Format: Book
Published: New York : Warner Books , c1985
Subjects:

MARC

LEADER 00000cam a2200000 7i4500
001 0000008765
005 20021119093000.0
008 021119n
020 |a 044651280X 
090 0 0 |a PS3554 .E47   |b W6 f 
100 0 |a DeMille, Nelson ,   |e author 
245 0 0 |a Word of honor   |c Nelson DeMille 
260 2 |a New York :   |b Warner Books ,   |c c1985 
300 |a 518 p. ; ;   |c 24 cm. 
650 0 |a Vietnamese Conflict, 1961-1975   |x Fiction 
999 |a 1000054363   |b Book   |c OPEN SHELF (30 DAYS)   |e Gong Badak Campus